Ideas combo edition 13-16. (Record no. 15326)

000 -LEADER
fixed length control field 00618nam a2200193 a 4500
001 - CONTROL NUMBER
control field :::00013985$&:&@@
003 - CONTROL NUMBER IDENTIFIER
control field OkBaRHE
005 - DATE AND TIME OF LATEST TRANSACTION
control field 20100331122421.0
008 - FIXED-LENGTH DATA ELEMENTS--GENERAL INFORMATION
fixed length control field s1981 j 000 0 eng u
040 ## - CATALOGING SOURCE
Transcribing agency
100 1# - MAIN ENTRY--PERSONAL NAME
Personal name Rice, Wayne and Yaconelli, Mike,
245 10 - TITLE STATEMENT
Title Ideas combo edition 13-16.
260 ## - PUBLICATION, DISTRIBUTION, ETC. (IMPRINT)
Place of publication, distribution, etc El Cajon, CA., :
Name of publisher, distributor, etc Youth Specialities, Inc.
Date of publication, distribution, etc 1981
300 ## - PHYSICAL DESCRIPTION
Extent 208 p. ;
Dimensions 28 cm.
650 ## - SUBJECT ADDED ENTRY--TOPICAL TERM
Topical term or geographic name as entry element Youth Ministry
700 ## - ADDED ENTRY--PERSONAL NAME
Personal name Yaconelli, Mike, Joint editor.
942 ## - ADDED ENTRY ELEMENTS (KOHA)
Source of classification or shelving scheme
Koha item type Books
Copies
Copy number Date acquired Shelving location Lost status Withdrawn status Permanent Location Price effective from Source of classification or shelving scheme Damaged status Koha item type Barcode Not for loan Full call number Date last seen
12010-04-14General Stacks  RHEMA Bible Training College2010-04-14  Books13985 BV 4447 .R53 V.13-162010-04-14